000
00313nam a2200133Ia 4500
100
_a
Braun/ Dietrich
942
_c
BK
654
_a
Plastics
245
_a
Simple methods for identification of plastics
260
_b
Hanser publishers
_a
Munich
_c
1986
082
_a
668.4
_b
BRA
300
_a
110
546
_a
ENGLISH
999
_c
19797
_d
19797